| 000 | 00500nam a22001697a 4500 | ||
|---|---|---|---|
| 005 | 20240830122347.0 | ||
| 008 | 240830b |||||||| |||| 00| 0 eng d | ||
| 020 | _a1868900185 | ||
| 041 | _aEnglish/Afrikaans | ||
| 082 | _a340.03 BOS | ||
| 100 | _lEnglish/Afrikaans | ||
| 245 |
_aBilingual Dictionary / _cD.B Bosman |
||
| 260 |
_aCape Town: _bPharos Dictionaries, _c1984 |
||
| 300 |
_b1351 pages; _c26 cm. |
||
| 650 |
_aLegal practice _bLaw |
||
| 942 |
_cBK _6ALISON_BN_VRIES |
||
| 999 |
_c2966 _d2966 |
||